000 00564nam a22002057a 4500
003 BD-ChCU
005 20260506093750.0
008 260506b uk ||||| |||| 00| 0 eng d
020 _a978140513592
040 _cBD-ChCU
082 _223
_a551.303 N649s
100 _aNichols, Gary.
_922450
245 _aSedimentology and stratigraphy /
_cGary Nichols.
250 _a2ed.
260 _aUk :
_bWiley -Blacwell,
_c2009
300 _a419 P. :
504 _aIncludes.
650 0 _aSedimentational-deposition ; Geology stratigraphy.
_922451
942 _2ddc
_cBK
_n0
999 _c112704
_d112704